Geology and underground water of Luna county, New Mexico / (Record no. 25663)

MARC details
000 -LEADER
fixed length control field 00767cam a22002411i 4500
001 - CONTROL NUMBER
control field gs 16000377
003 - CONTROL NUMBER IDENTIFIER
control field DLC
005 - DATE AND TIME OF LATEST TRANSACTION
control field 20260227111319.0
008 - FIXED-LENGTH DATA ELEMENTS--GENERAL INFORMATION
fixed length control field 791130s1916 dcu f000 0 eng
010 ## - LIBRARY OF CONGRESS CONTROL NUMBER
LC control number gs 16000377
035 ## - SYSTEM CONTROL NUMBER
System control number (OCoLC)5745334
040 ## - CATALOGING SOURCE
Original cataloging agency DLC
Transcribing agency NFredU
Modifying agency ICharE
-- OCoLC
-- DLC
042 ## - AUTHENTICATION CODE
Authentication code premarc
043 ## - GEOGRAPHIC AREA CODE
Geographic area code n-us-nm
050 00 - LIBRARY OF CONGRESS CALL NUMBER
Classification number QE75
Item number .B9 no. 618
100 1# - MAIN ENTRY--PERSONAL NAME
Personal name Darton, Nelson Horatio,
Dates associated with a name 1865-1948.
245 10 - TITLE STATEMENT
Title Geology and underground water of Luna county, New Mexico /
Statement of responsibility, etc. Nelson H. Darton.
260 ## - PUBLICATION, DISTRIBUTION, ETC.
Place of publication, distribution, etc. Washington :
Name of publisher, distributor, etc. Govt. Print. Off.,
Date of publication, distribution, etc. 1916.
300 ## - PHYSICAL DESCRIPTION
Extent 188 p. :
Other physical details ill., maps ;
Dimensions 23 cm.
410 20 - SERIES STATEMENT/ADDED ENTRY--CORPORATE NAME [OBSOLETE, CAN/MARC], [LOCAL, USA]
Corporate name or jurisdiction name as entry element Geological Survey (U.S.).
Title of a work Bulletin ;
Volume number/sequential designation 618
650 #0 - SUBJECT ADDED ENTRY--TOPICAL TERM
Topical term or geographic name entry element Geology
Geographic subdivision New Mexico
-- Luna County.
650 #0 - SUBJECT ADDED ENTRY--TOPICAL TERM
Topical term or geographic name entry element Groundwater
Geographic subdivision New Mexico.

No items available.

Powered by Koha